000 00785nam a22002177a 4500
999 _c62759
_d62759
005 20250210101941.0
008 250210s2003 ge ||||| |||| 00| 0 geo d
020 _a9992827415x
041 _ageo
080 _a339.54 ; 061. 1(100) K-25
100 _aKavadze, Amiran
_924279
245 _aGeorgian's path to the multilateral trading System /
_cA. Kavadze, M. Ukleba, V. Katamadze; Editor N. Tinikashvili.
264 _aTbilisi,
_c2003.
300 _a432 p.;
_b27 cm.
653 _aსავაჭრო სისტემა
653 _aეკონომიკა
700 _aUkleba, M.
_eავტორი
_924280
700 _aKatamadze, V.
_eავტორი
_924281
700 _a Tinikashvili, N.
_eრედაქტორი
_924282
942 _2udc
_cᲬᲘᲒᲜᲘ